000
00253nam a2200097Ia 4500
001
726448
005
20250826163429.0
008
250824s9999 xx 000 0 und d
245
0
_a
ARŞİMET ZEKAİ TATİLDE
_c
DURAN ÇETİN
260
_b
ATLIKARINCA YAYINLARI
999
_c
726448
_d
726448